000 00435nam a22001697a 4500
005 20160528111410.0
008 160528b xxu||||| |||| 00| 0 eng d
020 _a978-0-07-05993-6
041 _aeng
082 _b5732
100 _aChhabra, T.N. and others
_91438
245 _aMarketing Management
260 _aNew Delhi
_bDhanpat Rai Publising Co. Pvt. Ltd.
_c2010
300 _a8.42
650 _aManagement
_9241
942 _cBK
999 _c2035
_d2034